[Event "Veliko Gradiste Silver Lake op-A"]
[Site "Veliko Gradiste"]
[Date "2021.06.30"]
[Round "9"]
[White "Mullick, Raahil"]
[Black "Koutlas, Nikolaos"]
[Result "1-0"]
[WhiteElo "2386"]
[BlackElo "2078"]
[PlyCount "111"]
[EventDate "2021.06.23"]
[EventType "swiss"]
[EventRounds "9"]
[EventCountry "SRB"]
[SourceTitle "EXT 2022"]
[Source "ChessBase"]
[SourceDate "2021.10.06"]
[SourceVersion "1"]
[SourceVersionDate "2021.10.06"]
[SourceQuality "1"]

1. e4 c5 2. Nf3 d6 3. d4 cxd4 4. Nxd4 Nf6 5. Nc3 a6 6. Be3 e5 7. Nb3 Be7 8. f3 Be6 9. Qd2 h5 10. Nd5 Bxd5 11. exd5 Nbd7 12. c4 a5 13. Rc1 Nh7 14. Bd3 g6 15. c5 a4 16. cxd6 Bh4+ 17. g3 axb3 18. gxh4 Qxh4+ 19. Ke2 0-0 20. axb3 e4 21. Bxe4 f5 22. Bb1 Rae8 23. Rhg1 Ng5 24. f4 Qxh2+ 25. Kd3 Qxd2+ 26. Bxd2 Ne4 27. Bb4 Rf6 28. Rc7 Rd8 29. Kd4 Nxd6 30. Bxd6 Rxd6 31. Bxf5 Nf8 32. Kc4 Rf6 33. Bd3 Rxf4+ 34. Kc5 Rf6 35. Bc4 b6+ 36. Kb5 Rdd6 37. Rc6 Kf7 38. Kxb6 Ke7 39. Re1+ Kd8 40. Bb5 h4 41. Rxd6+ Rxd6+ 42. Kc5 Kc7 43. Re7+ Nd7+ 44. Bxd7 Rxd7 45. d6+ Kd8 46. Re4 g5 47. Rg4 Ra7 48. b4 Rg7 49. Kc6 h3 50. Rg3 g4 51. Ra3 Ke8 52. Ra8+ Kf7 53. d7 h2 54. Rh8 Rg8 55. Rxh2 Ke7 56. Kc7 1-0

[Event "Veliko Gradiste Silver Lake op-A"]
[Site "Veliko Gradiste"]
[Date "2021.06.28"]
[Round "7"]
[White "Mullick, Raahil"]
[Black "Govedarica, Radovan"]
[Result "1-0"]
[WhiteElo "2386"]
[BlackElo "2289"]
[PlyCount "79"]
[EventDate "2021.06.23"]
[EventType "swiss"]
[EventRounds "9"]
[EventCountry "SRB"]
[SourceTitle "CBM 203 Extra"]
[Source "ChessBase"]
[SourceDate "2021.09.30"]
[SourceVersion "1"]
[SourceVersionDate "2021.09.30"]
[SourceQuality "1"]

1. e4 e6 2. d4 d5 3. Nc3 Bb4 4. e5 c5 5. a3 Bxc3+ 6. bxc3 Qc7 7. Qg4 f6 8. Nf3 c4 9. Be2 Nc6 10. Bf4 Qf7 11. h4 h5 12. Qg3 Nge7 13. 0-0 Qg6 14. exf6 gxf6 15. Qxg6+ Nxg6 16. Bd2 e5 17. dxe5 fxe5 18. Bg5 Bg4 19. Rad1 Be6 20. g3 Kf8 21. Bf6 Rh6 22. Ng5 Bg8 23. f4 exf4 24. Nh3 fxg3 25. Bg5+ Kg7 26. Bf6+ Kf8 27. Bg5+ Kg7 28. Bxh6+ Kxh6 29. Rf5 Re8 30. Rxh5+ Kg7 31. Rg5 Kh6 32. Rf1 Re6 33. Rxg3 Nce7 34. Bg4 Ra6 35. h5 Ne5 36. Re1 Nxg4 37. Rxe7 Be6 38. Rxe6+ Rxe6 39. Rxg4 Re3 40. Nf4 1-0

[Event "Veliko Gradiste Silver Lake op-A"]
[Site "Veliko Gradiste"]
[Date "2021.06.27"]
[Round "6"]
[White "Ter Sahakyan, Samvel"]
[Black "Mullick, Raahil"]
[Result "1-0"]
[WhiteElo "2644"]
[BlackElo "2386"]
[PlyCount "63"]
[EventDate "2021.06.23"]
[EventType "swiss"]
[EventRounds "9"]
[EventCountry "SRB"]
[SourceTitle "CBM 203 Extra"]
[Source "ChessBase"]
[SourceDate "2021.09.30"]
[SourceVersion "1"]
[SourceVersionDate "2021.09.30"]
[SourceQuality "1"]

1. e4 c5 2. Nf3 d6 3. d4 cxd4 4. Nxd4 Nf6 5. Nc3 a6 6. Bg5 e6 7. f4 h6 8. Bh4 Qb6 9. a3 Be7 10. Bf2 Qc7 11. Qf3 Nbd7 12. 0-0-0 b5 13. g4 g5 14. h4 gxf4 15. Be2 h5 16. g5 Ne5 17. Qxf4 Nfg4 18. Bxg4 Nxg4 19. Nf5 Nxf2 20. Qxf2 exf5 21. exf5 Qc5 22. Qf3 Ra7 23. Nd5 Bb7 24. Rhe1 Bxd5 25. Rxd5 Qc4 26. f6 Qxh4 27. Re4 Qh2 28. Qe3 0-0 29. fxe7 Re8 30. Rd2 Qh1+ 31. Rd1 Qh2 32. Qxa7 1-0

[Event "Veliko Gradiste Silver Lake op-A"]
[Site "Veliko Gradiste"]
[Date "2021.06.24"]
[Round "2"]
[White "Terryn, Ezra"]
[Black "Mullick, Raahil"]
[Result "0-1"]
[WhiteElo "2184"]
[BlackElo "2386"]
[PlyCount "70"]
[EventDate "2021.06.23"]
[EventType "swiss"]
[EventRounds "9"]
[EventCountry "SRB"]
[SourceTitle "CBM 203 Extra"]
[Source "ChessBase"]
[SourceDate "2021.09.30"]
[SourceVersion "1"]
[SourceVersionDate "2021.09.30"]
[SourceQuality "1"]

1. e4 c5 2. d4 cxd4 3. c3 dxc3 4. Nxc3 Nc6 5. Nf3 d6 6. Bc4 e6 7. 0-0 Nf6 8. Qe2 Be7 9. Rd1 e5 10. Be3 0-0 11. Rac1 Bg4 12. h3 Bh5 13. g4 Bg6 14. Nh4 Rc8 15. Nxg6 hxg6 16. a3 a6 17. b4 b5 18. Bb3 Nh7 19. Bd5 Nd4 20. Bxd4 exd4 21. Rxd4 Bf6 22. Rd3 Be5 23. Qe3 Qf6 24. Ne2 g5 25. Kg2 Bf4 26. Nxf4 gxf4 27. Qd2 Rxc1 28. Qxc1 Qh6 29. Qh1 Nf6 30. Bc6 Qh4 31. Rxd6 Nh7 32. e5 Ng5 33. Rd4 Rc8 34. Bb7 f3+ 35. Bxf3 Rc2 0-1

[Event "Veliko Gradiste Silver Lake op-A"]
[Site "Veliko Gradiste"]
[Date "2021.06.23"]
[Round "1"]
[White "Mullick, Raahil"]
[Black "Parkajic, Branislav"]
[Result "1-0"]
[WhiteElo "2386"]
[BlackElo "2078"]
[PlyCount "75"]
[EventDate "2021.06.23"]
[EventType "swiss"]
[EventRounds "9"]
[EventCountry "SRB"]
[SourceTitle "CBM 203 Extra"]
[Source "ChessBase"]
[SourceDate "2021.09.30"]
[SourceVersion "1"]
[SourceVersionDate "2021.09.30"]
[SourceQuality "1"]

1. e4 c5 2. Nf3 d6 3. d4 cxd4 4. Nxd4 Nf6 5. Nc3 a6 6. Be3 e5 7. Nb3 Be6 8. f3 h5 9. Nd5 Bxd5 10. exd5 Nbd7 11. Qd2 g6 12. Be2 Bg7 13. 0-0 0-0 14. c4 b6 15. Rad1 Re8 16. Na1 Rc8 17. Nc2 e4 18. f4 Ng4 19. Bxg4 hxg4 20. b3 f5 21. Nb4 b5 22. Nc6 Qh4 23. Qf2 Qxf2+ 24. Kxf2 bxc4 25. bxc4 Nb8 26. Na5 Re7 27. Rc1 Bf6 28. Rc2 Nd7 29. Nb7 Nc5 30. Nxc5 dxc5 31. Rb1 Rh7 32. Rb6 Bh4+ 33. Kg1 Kf7 34. Rcb2 g3 35. hxg3 Bxg3 36. Rb7+ Kg8 37. d6 Bh4 38. d7 1-0

[Event "Wch FIDE Online U14 Asia qual"]
[Site "Tornelo INT"]
[Date "2020.12.12"]
[Round "3"]
[White "Nguyen, Quoc Hy"]
[Black "Mullick, Raahil"]
[Result "1-0"]
[WhiteElo "2242"]
[BlackElo "2386"]
[PlyCount "107"]
[EventDate "2020.12.11"]
[EventType "swiss (rapid)"]
[EventRounds "7"]
[EventCountry "ISS"]
[SourceTitle "EXT 2022"]
[Source "ChessBase"]
[SourceDate "2021.10.06"]
[SourceVersion "1"]
[SourceVersionDate "2021.10.06"]
[SourceQuality "1"]

1. d4 d5 2. c4 c6 3. Nf3 Nf6 4. e3 Bf5 5. Nc3 e6 6. Nh4 Be4 7. f3 Bg6 8. Qb3 Qc7 9. Bd2 Be7 10. 0-0-0 Nbd7 11. cxd5 exd5 12. Nxg6 hxg6 13. Kb1 Nb6 14. g3 a5 15. Qc2 a4 16. a3 Kf8 17. Bc1 Qd7 18. g4 g5 19. Be2 g6 20. h3 Kg7 21. e4 dxe4 22. fxe4 Ne8 23. Be3 Qd8 24. d5 cxd5 25. Bd4+ Bf6 26. e5 Be7 27. Rhf1 Rxh3 28. e6+ f6 29. Bxb6 Qxb6 30. Nxd5 Qxe6 31. Bb5 Bd6 32. Nb6 Rd8 33. Rfe1 Re3 34. Rxe3 Qxe3 35. Nc4 Qc5 36. Bxe8 Rxe8 37. Nxd6 Qxc2+ 38. Kxc2 Re2+ 39. Rd2 Re3 40. Nxb7 Re4 41. Rg2 Kh6 42. Kd3 Re5 43. Kd4 Rb5 44. Nc5 f5 45. Nxa4 f4 46. b4 Rb8 47. Nc5 Rd8+ 48. Kc4 Re8 49. b5 Kg7 50. b6 Kf6 51. b7 f3 52. Rf2 Ke7 53. Rxf3 Kd6 54. Na6 1-0

[Event "Wch FIDE Online U14 Asia qual"]
[Site "Tornelo INT"]
[Date "2020.12.12"]
[Round "5"]
[White "Orozbaev, Eldiar"]
[Black "Mullick, Raahil"]
[Result "0-1"]
[WhiteElo "1973"]
[BlackElo "2386"]
[PlyCount "116"]
[EventDate "2020.12.11"]
[EventType "swiss (rapid)"]
[EventRounds "7"]
[EventCountry "ISS"]
[SourceTitle "EXT 2022"]
[Source "ChessBase"]
[SourceDate "2021.10.06"]
[SourceVersion "1"]
[SourceVersionDate "2021.10.06"]
[SourceQuality "1"]

1. e4 c5 2. c3 d5 3. exd5 Qxd5 4. Nf3 Nc6 5. d4 Bg4 6. Be2 cxd4 7. cxd4 e6 8. 0-0 Nf6 9. Nc3 Qa5 10. Qb3 Qb4 11. Nb5 0-0-0 12. Be3 Qxb3 13. axb3 a6 14. Na3 Bxf3 15. Bxf3 Nxd4 16. Rac1+ Kb8 17. Bxd4 Rxd4 18. Nc4 Nd7 19. Rfd1 Bc5 20. b4 Ba7 21. Nd6 Ne5 22. Bxb7 Rxd6 23. Rxd6 Kxb7 24. Kf1 Bb8 25. Rdd1 Rc8 26. Rxc8 Kxc8 27. Ke2 Kb7 28. f4 Ng6 29. Rd7+ Kc6 30. Rxf7 Nxf4+ 31. Kf3 Be5 32. Ke4 Ng6 33. h4 Bxb2 34. h5 Nh4 35. g4 h6 36. Re7 Bc3 37. Rxe6+ Kb5 38. Kf4 Ng2+ 39. Kf3 Ne1+ 40. Kf4 Nd3+ 41. Kf5 Nxb4 42. Kg6 a5 43. Re8 a4 44. g5 hxg5 45. Kxg5 a3 46. Re2 Bb2 47. Re1 a2 48. Kg6 Nd3 49. Rf1 Bc1 50. Rf5+ Nc5 51. Kxg7 a1Q+ 52. Kg6 Qa6+ 53. Rf6 Qc8 54. Rf7 Qg4+ 55. Kh7 Qxh5+ 56. Kg8 Qg6+ 57. Kf8 Ne6+ 58. Ke7 Ba3+ 0-1

[Event "Sukooon Resort Indian"]
[Site "Chess.com INT"]
[Date "2020.05.16"]
[Round "7.1"]
[White "Mullick, Raahil"]
[Black "Stany, George Anthony"]
[Result "1-0"]
[WhiteElo "2386"]
[BlackElo "2522"]
[PlyCount "109"]
[EventDate "2020.05.15"]
[EventType "team-tourn (rapid)"]
[EventRounds "9"]
[EventCountry "IND"]
[SourceTitle "CBM 196 Extra"]
[Source "ChessBase"]
[SourceDate "2020.07.31"]
[SourceVersion "1"]
[SourceVersionDate "2020.07.31"]
[SourceQuality "1"]
[WhiteTeam "Desi Boys"]
[BlackTeam "Chess Thulir"]
[WhiteTeamCountry "IND"]
[BlackTeamCountry "IND"]

1. e4 g6 2. d4 Bg7 3. Nc3 c6 4. Nf3 d6 5. Be2 Nd7 6. 0-0 Qc7 7. Be3 Ngf6 8. h3 0-0 9. Qd2 Re8 10. Rad1 b5 11. a3 a5 12. b4 axb4 13. axb4 Nb6 14. Ra1 Be6 15. Ng5 Bc4 16. Bd3 h6 17. Nf3 Kh7 18. Ra5 d5 19. e5 Ne4 20. Qe1 Bxd3 21. cxd3 Nxc3 22. Qxc3 Na4 23. Qc2 Rxa5 24. bxa5 Qxa5 25. Qxc6 Rd8 26. Bd2 b4 27. Ra1 Ra8 28. Bxb4 Qa6 29. Qxa6 Rxa6 30. Bxe7 g5 31. Kf1 Kg6 32. g4 f5 33. exf6 Bxf6 34. Ne5+ Bxe5 35. dxe5 d4 36. Bb4 Kf7 37. Bd6 Ke6 38. Kg2 Ra8 39. Kg3 Kd5 40. f4 gxf4+ 41. Kxf4 Ke6 42. h4 Ra7 43. g5 hxg5+ 44. Kxg5 Ra8 45. Kh6 Kf7 46. Kh7 Nb6 47. Rxa8 Nxa8 48. h5 Nb6 49. Kh6 Nd5 50. Kg5 Ne3 51. h6 Nd5 52. h7 Kg7 53. e6 Kxh7 54. e7 Nf6 55. Kxf6 1-0

[Event "Titled Tuesday intern op 28th Apr"]
[Site "Chess.com INT"]
[Date "2020.04.28"]
[Round "9"]
[White "Atanasov, Anthony"]
[Black "Mullick, Raahil"]
[Result "1-0"]
[WhiteElo "2205"]
[BlackElo "2386"]
[PlyCount "77"]
[EventDate "2020.04.28"]
[EventType "swiss (blitz)"]
[EventRounds "10"]
[EventCountry "USA"]
[SourceTitle "EXT 2021"]
[Source "ChessBase"]
[SourceDate "2020.10.23"]
[SourceVersion "1"]
[SourceVersionDate "2020.10.23"]
[SourceQuality "1"]

1. d4 d5 2. Bf4 Nf6 3. e3 c5 4. Nf3 Nc6 5. Nbd2 e6 6. c3 Bd6 7. Bg3 0-0 8. Bd3 b6 9. e4 dxe4 10. Nxe4 Nxe4 11. Bxe4 Bb7 12. dxc5 Bxc5 13. Qa4 Rc8 14. Rd1 Qe7 15. b4 Nxb4 16. Bxb7 Qxb7 17. cxb4 Qe4+ 18. Kf1 Bxb4 19. Qxa7 Rc2 20. Kg1 Rfc8 21. h3 Qe2 22. Kh2 e5 23. Nxe5 Rf8 24. Nf3 Bc5 25. Rhe1 Qc4 26. Kg1 Rxa2 27. Qb7 Qc2 28. Rd2 Qb3 29. Rxa2 Qxa2 30. Qe4 b5 31. Qc6 Qa3 32. Qxb5 Qc3 33. Qf1 Qc2 34. Rc1 Qf5 35. Qc4 Rc8 36. Qf1 Qd5 37. Rd1 Qa2 38. Rd2 Qa3 39. Rc2 1-0

[Event "Titled Tuesday intern op 28th Apr"]
[Site "Chess.com INT"]
[Date "2020.04.28"]
[Round "8"]
[White "Freitag, Manfred"]
[Black "Mullick, Raahil"]
[Result "1-0"]
[WhiteElo "2356"]
[BlackElo "2386"]
[PlyCount "61"]
[EventDate "2020.04.28"]
[EventType "swiss (blitz)"]
[EventRounds "10"]
[EventCountry "USA"]
[SourceTitle "EXT 2021"]
[Source "ChessBase"]
[SourceDate "2020.10.23"]
[SourceVersion "1"]
[SourceVersionDate "2020.10.23"]
[SourceQuality "1"]

1. e4 c5 2. Nf3 d6 3. d4 cxd4 4. Nxd4 Nf6 5. Nc3 a6 6. Bg5 e6 7. f4 h6 8. Bh4 Qb6 9. a3 Be7 10. Bf2 Qc7 11. Qf3 Nbd7 12. 0-0-0 b5 13. g4 g5 14. h4 gxf4 15. g5 hxg5 16. hxg5 Rxh1 17. Qxh1 Ng4 18. g6 fxg6 19. Nxe6 Qb7 20. Nd5 Nf8 21. Nec7+ Kd8 22. Bb6 Rb8 23. Ba5 Ne3 24. Nxe7 Kxe7 25. Qh8 Be6 26. Qg7+ Bf7 27. e5 Qe4 28. Qf6+ Kd7 29. Rxd6+ Kc8 30. Rd8+ Kb7 31. Qb6# 1-0

[Event "Titled Tuesday intern op 28th Apr"]
[Site "Chess.com INT"]
[Date "2020.04.28"]
[Round "3"]
[White "Mikrut, Dariusz"]
[Black "Mullick, Raahil"]
[Result "0-1"]
[WhiteElo "2390"]
[BlackElo "2386"]
[PlyCount "166"]
[EventDate "2020.04.28"]
[EventType "swiss (blitz)"]
[EventRounds "10"]
[EventCountry "USA"]
[SourceTitle "EXT 2021"]
[Source "ChessBase"]
[SourceDate "2020.10.23"]
[SourceVersion "1"]
[SourceVersionDate "2020.10.23"]
[SourceQuality "1"]

1. d4 d5 2. c4 c6 3. Nf3 Nf6 4. Qc2 dxc4 5. Qxc4 Bg4 6. Ne5 Be6 7. Qd3 Nbd7 8. Nxd7 Qxd7 9. Nc3 Bf5 10. e4 Bg6 11. f3 Rd8 12. Be3 e5 13. Rd1 exd4 14. Qxd4 Qxd4 15. Rxd4 Rxd4 16. Bxd4 a5 17. Bb6 Nd7 18. Be3 Bc5 19. Kf2 Ke7 20. h4 h6 21. h5 Bh7 22. g3 Rd8 23. Bh3 Bxe3+ 24. Kxe3 Ne5 25. Bf1 b5 26. Be2 f6 27. f4 Nd7 28. Rc1 Bg8 29. a3 Nb6 30. Nb1 Bc4 31. Bf3 Rd3+ 32. Kf2 Rb3 33. Rc2 Bd3 34. Rxc6 Rxb2+ 35. Ke3 Nc4+ 36. Kxd3 Rxb1 37. a4 Rb3+ 38. Ke2 Nd6 39. axb5 Nxb5 40. Ra6 a4 41. Bg4 a3 42. e5 fxe5 43. fxe5 a2 44. Be6 Nd4+ 45. Kd2 Nxe6 46. Rxa2 Rxg3 47. Ra7+ Kf8 48. Ke2 Rg5 49. Ra8+ Ke7 50. Ra7+ Ke8 51. Ra6 Rxe5+ 52. Kf3 Kf7 53. Ra7+ Kf6 54. Ra4 Rxh5 55. Kg4 Rg5+ 56. Kh4 Rg1 57. Ra6 Rh1+ 58. Kg3 g6 59. Kf2 Rb1 60. Kg2 Rb2+ 61. Kf3 h5 62. Ke4 Rb4+ 63. Kd5 Rb5+ 64. Kd6 Re5 65. Ra4 g5 66. Ra8 g4 67. Ra1 Rg5 68. Rf1+ Kg6 69. Kxe6 g3 70. Rf6+ Kg7 71. Rf7+ Kg8 72. Rf1 g2 73. Rg1 h4 74. Kf6 Rg3 75. Kf5 h3 76. Kf4 h2 77. Rd1 g1Q 78. Rd8+ Kf7 79. Rd7+ Ke8 80. Rd2 Qf1+ 81. Kxg3 h1Q 82. Rh2 Qfg1+ 83. Kf4 Qhxh2+ 0-1